|
|
|
|
| LEADER |
00000nam0a2200000 4500 |
| 001 |
174855 |
| 005 |
20231101223204.0 |
| 010 |
|
|
|a 9785977502962
|
| 035 |
|
|
|a (RuTPU)RU\TPU\book\189603
|
| 090 |
|
|
|a 174855
|
| 100 |
|
|
|a 20100204d2009 km y0rusy50 ca
|
| 101 |
0 |
|
|a rus
|
| 102 |
|
|
|a RU
|
| 105 |
|
|
|a a g 001zy
|
| 200 |
1 |
|
|a Справочник системного администратора по программированию Windows
|f И. В. Коробко
|
| 210 |
|
|
|a СПб.
|c БХВ-Петербург
|d 2009
|
| 215 |
|
|
|a 556 с.
|c ил.
|
| 225 |
1 |
|
|a Системный администратор
|
| 320 |
|
|
|a Библиогр.: с. 548.
|
| 320 |
|
|
|a Предметный указатель: с. 549-556.
|
| 330 |
|
|
|a Приведена исчерпывающая информация по устройству и управлению Active Directory. Описаны интерфейсы IADs, ADO, а также основные приемы программного управления каталогом на языке VBScript. Особое внимание уделено безопасности операционной системы: программному управлению NTFS, принципам построения и чтения идентификаторов безопасности и др. Подробно освещен вопрос управления групповыми политиками (ADM-файлы) и реестрбм (REG-файлы). Приведен синтаксис пакетных файлов (autorun.inf'H др.). рассказано о технологии изменения дистрибутивов, созданных с помощью Windows Installer.
|
| 606 |
1 |
|
|a Системное администрирование
|2 stltpush
|3 (RuTPU)RU\TPU\subj\64855
|9 81572
|
| 610 |
1 |
|
|a Active Directory
|
| 610 |
1 |
|
|a внутреннее устройство
|
| 610 |
1 |
|
|a программное управление
|
| 610 |
1 |
|
|a интерфейсы
|
| 610 |
1 |
|
|a IADs
|
| 610 |
1 |
|
|a ADO
|
| 610 |
1 |
|
|a VBScript
|
| 610 |
1 |
|
|a операционные системы
|
| 610 |
1 |
|
|a безопасность
|
| 610 |
1 |
|
|a пакетные файлы
|
| 610 |
1 |
|
|a Windows
|
| 610 |
1 |
|
|a справочники
|
| 675 |
|
|
|a 681.3.06(035)
|v 3
|
| 700 |
|
1 |
|a Коробко
|b И. В.
|g Иван Викторович
|
| 801 |
|
1 |
|a RU
|b 63413507
|c 20100204
|
| 801 |
|
2 |
|a RU
|b 63413507
|c 20141203
|g RCR
|
| 942 |
|
|
|c BK
|